00390 2200157 4500001002100000008004100021020002200062035002000084082000800104084001400112100001700126245002700143260002800170300002200198990001200220INLIS000000000002820 IND  a978-602-398-800-0 a0010-0925000167 a813 a813 NOV s aNovanka Raja aSempurnacNovanka Raja aJakartabEuthaniac2016 a180c(13 x 19 cm) a0755042